Iratok a csehszlovákiai magyarság 1948-1956 közöti történetéhez II válogatás a prágai magyar követség és a pozsonyi magyar főkonzulátus magyar kisebbséggel kapcsolatos jelentéseiből

Bibliographic Details
Other Authors: Popély, Árpád, 1970- (Compiler)
Format: Book
Language:Hungarian
PhysicalDescription:571 s. 25 cm
Published: Somorja Fórum IC - Fórum Kisebbségkutató Intézet 2014
ISBN:9788089249718
Edition:1. kiad.
Series:Fontes Historiae Hungarorum
Subjects:

MARC

LEADER 00000cam a2200000 a 4500
001 vtls010615184
003 SK-MaSNL
005 20260302083620.0
008 180601s2014 xo e n 001 0 hun
015 |a SNBA2014/10 
020 |a 9788089249718  |q (viaz.) 
035 |a D99FC130-4C85-496B-B1C3-6FFE837308F6 
035 |a urn:nbn:sk:snk-am3h6hk 
035 |a urn:nbn:sk:snk-am00a11z 
040 |a SNK  |b slo  |c SNK  |e AACR2 
041 0 |a hun  |b slo 
043 |a e-cs--- 
072 7 |a 316.3  |x Globálne spoločnosti. Sociálna štruktúra. Sociálne skupiny  |2 konspekt 
072 7 |a 323  |x Vnútropolitický vývoj, politický život  |2 konspekt 
080 |a (=511.14)  |2 2001 
080 |a 323.15  |2 2001 
080 |a 94(437)  |2 2001 
080 |a (093)  |2 2001 
080 |a 314.113:323.1  |2 2001 
245 0 0 |a Iratok a csehszlovákiai magyarság 1948-1956 közöti történetéhez II  |b válogatás a prágai magyar követség és a pozsonyi magyar főkonzulátus magyar kisebbséggel kapcsolatos jelentéseiből  |c szerkesztette Popély Árpád 
250 |a 1. kiad. 
260 |a Somorja  |b Fórum IC - Fórum Kisebbségkutató Intézet  |c 2014 
300 |a 571 s.  |c 25 cm 
490 1 |a Fontes Historiae Hungarorum ;  |v 5 
500 |a Tir. aj slov. 
504 |a Bibliogr.: s. 545-555 ; bibliogr. odkazy ; pozn. ; menný reg. 
546 |a Res. slov. 
648 7 |a 1948-1956  |2 SNKPH  |9 298744 
650 0 7 |a Maďari  |2 SNKPH  |9 18097 
650 0 7 |a národnostné menšiny  |2 SNKPH  |9 2669 
650 0 7 |a Hungarians  |2 SNKPHeng  |9 266397 
650 0 7 |a Ethnic minorities  |2 SNKPHeng  |9 265191 
650 0 7 |a Nationality policy  |2 SNKPHeng  |9 266820 
650 0 7 |a národnostná politika  |2 SNKPH  |9 4656 
651 7 |a Československo  |x dejiny  |2 SNKPH  |9 161432 
651 7 |a Czechoslovakia  |x History  |2 SNKPHeng  |9 125910 
655 7 |a dokumenty  |2 SNKPH  |9 70482 
655 7 |a Documents  |2 SNKPHeng  |9 277725 
700 1 |a Popély, Árpád,  |d 1970-  |4 com  |9 107017 
830 0 |a Fontes Historiae Hungarorum  |9 357965 
852 |a Štátna vedecká knižnica v Banskej Bystrici 
919 |a 978-80-89249-71-8 
958 |a NB 
958 |a HU 
958 |a NM 
999 |c 1184472  |d 1186402 
952 |a SNK  |b SNK  |y PREZ  |7 0  |p 17A1116902  |o snkSC 161145  |i snk2014/20718  |8 0  |0 0  |1 0  |4 0  |d 2014-10-06  |f 1  |l 0  |r 2025-08-25 00:00:00  |w 2026-02-24 
952 |a SNK  |b SNK  |y VYP  |7 0  |p 17A1116903  |o snkSC 161145 D1  |i snk2014/20720  |8 0  |0 0  |1 0  |4 0  |d 2014-10-06  |l 0  |r 2026-02-24 21:51:28  |w 2026-02-24